Säuren, Basen und Salze - Statistics

General Stats
  • This quiz has been taken 7 times
  • The average score is 37 of 73
Answer Stats
Summenformel Säure % Correct
CO3(2-) -carbonat
100%
Cl(-) -chlorid
100%
N(3-) -nitrid
100%
F(-) -fluorid
100%
HS(-) -hydrogensulfid
100%
OH(-) -hydroxid
100%
NO3(-) -nitrat
100%
NO2(-) -nitrit
100%
O2(-) -oxid
100%
PO4(3-) -phosphat
100%
HCl Salzsäure
100%
SO4(2-) -sulfat
100%
S(2-) -sulfid
100%
SO3(2-) -sulfit
100%
CH3COO(-) -acetat
50%
HCOOH Ameisensäure
50%
NH3 Ammoniak
50%
NH4(+) Ammonium
50%
N3(-) -azid
50%
Ca(OH)2 Calciumhydroxid
50%
C2(2-) -carbid
50%
ClO3(-) -chlorat
50%
HClO2 Chlorige Säure
50%
ClO2(-) -chlorit
50%
HClO3 Chlorsäure
50%
CrO4(2-) -chromat
50%
OCN(-) -cyanat
50%
CN(-) -cyanid
50%
HOCN Cyansäure
50%
H2S2O4 Dithionige Säure
50%
S2O4(2-) -dithionit
50%
CH3COOH Essigsäure
50%
HF Flusssäure
50%
HCO3(-) -hydrogencarbonat
50%
HPO4(2-) -hydrogenphosphat
50%
HClO Hypochlorige Säure
50%
ClO(-) -hypochlorit
50%
(HNO)2 Hyposalpetrige Säure
50%
KOH Kaliumhydroxid
50%
H4SiO4 Kieselsäure
50%
H2CO3 Kohlensäure
50%
H2CO3 Kohlensäure
50%
NaOH Natriumhydroxid
50%
H2C2O4 Oxalsäure
50%
ClO4(-) -perchlorat
50%
HClO4 Perchlorsäure
50%
MnO4(-) -permanganat
50%
H3PO4 Phosphorsäure
50%
H3PO4 Phosphorsäure
50%
H3PO4 Phosphorsäure
50%
HSCN Rhodansäure
50%
HNO3 Salpetersäure
50%
HNO2 Salpetrige Säure
50%
H2SO3 Schwefelige Säure
50%
H2SO4 Schwefelsäure
50%
H2S Schwefelwasserstoff
50%
H2S Schwefelwasserstoff
50%
HN3 Stickstoffwasserstoffsäure
50%
SCN(-) -thiocyanat
50%
H2S2O3 Thioschwefelsäure
50%
HCN Blausäure
0%
H3BO3 Borsäure
0%
Cr2O7(2-) -dichromat
0%
H2PO4(-) -dihydrogenphosphat
0%
HCOO(-) -formiat
0%
H(-) -hydrid
0%
C2O4(2-) -oxalat
0%
O2(2-) -peroxid
0%
H2SO5 Peroxoschwefelsäure
0%
SO5(2-) -peroxosulfat
0%
SiO4(4-) -silicat
0%
S2O3(2-) -thiosulfat
0%
xH2O -x hydrat
0%
No matching quizzes found
Score Distribution
Percent of People with Each Score
Percentile by Number Answered
Your Score History
You have not taken this quiz